Регионална библиотека "Любен Каравелов" - Русе

Български писатели (Запис номер 33111)

MARC детайли
000 -Лидер
Контролно поле с фиксирана дължина 01980nam a2200433 c 4500
003 - Код на организацията, давaща контролен номер
Контролно поле BLK
005 - Дата и час на последна редакция
Контролно поле 20240712135844.0
008 - Елементи от данни с фиксирана дължина
fixed length control field 180408b bul|||||r ||||||| ||bul||
010 ## - Наследен системен номер
LC control number KNG00035798000
020 ## - Международен стандартен номер на книга ISBN
Международен стандартен номер на книга ISBN 954-474-241-7
-- издат.: Кибеа
040 ## - Източник на каталожния запис
Идентификатор на билиотеката - собственик на записа BLK
041 ## - Код за език
Код за езика на текст/звукозапис или на отделно заглавие Български
Код за езика КДБФ Български
080 ## - УДК
Текстов определител УДК Българска литература
УДК код - определител по УДК 821.163.2
УДК определител (092)(035)
УДК - код + определител 821.163.2(092)(035)
080 ## - УДК
Текстов определител УДК Биографии
УДК код - определител по УДК 929
УДК определител (497.2)
УДК - код + определител 929(497.2)
139 ## - Редно поле
Редна дума Игов, Светлозар Атанасов
Авторски знак Игн - И 29
245 10 - Сведения за заглавието
Заглавие Български писатели
Подзаглавни данни Поети, прозаици, драматурзи, критици
Редно поле (дума) текст Светлозар Атанасов Игов.
257 ## - Страна на издаване
Страна на създаване/издаване България
260 ## - Област на издателските данни
-- София
Име на издателя, разпространителя и проч. Кибеа
Година на издаване 2001
Печатница Отпеч. в Словакия
300 ## - Физическа характеристика
Страници 88 с.
Илюстрации и др. с ил.
Размери/Мащаб 32 см
380 ## - Жанр
Жанр Литературознание
490 1# - СЕРИИ (Колекции)
Име на серия Серия Наследство
500 ## - Общи забележки
Забележка Авт. не е отбел. на кор. - Съдържа и За книгата ; За автора.
650 #0 - Допълнително описание по предмет – тема
Основно описание – тема или топоним Писатели, български
9 (RLIN) 241944
650 #4 - Допълнително описание по предмет – тема
Основно описание – тема или топоним Поети, български
9 (RLIN) 241945
650 #4 - Допълнително описание по предмет – тема
Основно описание – тема или топоним Драматурзи, български
9 (RLIN) 246434
650 #4 - Допълнително описание по предмет – тема
Основно описание – тема или топоним Литературни историци и критици, български
9 (RLIN) 242486
651 #4 - Допълнително описание по предмет - топоним
Географско понятие България
9 (RLIN) 241624
653 ## - Ключова дума – ненормативна
Ключова дума български писатели
653 ## - Ключова дума – ненормативна
Ключова дума критици
653 ## - Ключова дума – ненормативна
Ключова дума български поети
653 ## - Ключова дума – ненормативна
Ключова дума драматурзи
700 1# - Други автори (авторска отговорност)
Лично име Игов, Светлозар Атанасов
Дати, свързани с автора 1945-2023
Друга информация Филолог, славянска филология (1966). Литературен критик, историк. Поет, белетрист. Преводач от сърбохърватски език
9 (RLIN) 72055
852 ## - Местоположение
Форматна сигнатура Цб ІІ 11199
856 4# - Електронен адрес и достъп
Електронен формат pdf - файл
Път до файла /url/
856 4# - Електронен адрес и достъп
Електронен формат pdf - файл
Път до файла /url/
942 ## - АРТИКУЛИ
Вид на библиотечния материал Книги
Скрит в OPAC Не
Koha issues (borrowed), all copies 10
944 ## - СЪЗДАВАНЕ И РЕДАКЦИЯ на ЗАПИСА
Създаване/Редакция Създаване
Дата на регистрацията/редакция 04.04.2003
Служител, извършил регистрацията/редакцията 30564
Статус, дата на статуса Галина Якимова
944 ## - СЪЗДАВАНЕ И РЕДАКЦИЯ на ЗАПИСА
Създаване/Редакция Редакция
Дата на регистрацията/редакция 13.10.2008
Служител, извършил регистрацията/редакцията
999 ## - СИСТЕМНИ КОНТРОЛНИ НОМЕРА
Koha biblionumber 33111
Koha biblioitemnumber 33111
Наличности
Код за отписване Код за изгубен артикул Източник на класификационната схема Код за повреда Коз за рестрикции Код за отдаване Артикулен № Име на библиотеката - собственик Име на библиотеката, в която се намира в момента Статус (Текущо местоположение) Дата на вписване в системата Местоположение - отдел Цена в лева Инвентарен номер Систематично азбучна сигнатура Баркод Номер на екземпляра Цена в евро Служебна бележка Служебен тип на артикула
  Не е изгубен Universal Decimal Classification Не е повреден без рестрикции заемане за дома 52909 Регионална библиотека "Любен Каравелов" Русе Регионална библиотека "Любен Каравелов" Русе Детски отдел 2001-01-01 Детски отдел 25.00 663991 ДН 821.163.2(092)/И 29 120000663991 1 12.78 Дост: Pk Вид: Ф N: стар фонд Дата: 01.01.2001 Дата инв: 21.08.2015 Бележки инв: Д2015 Книги
  Не е изгубен Universal Decimal Classification Не е повреден само за читалня ползва се в читалня 52910 Регионална библиотека "Любен Каравелов" Русе Регионална библиотека "Любен Каравелов" Русе Хранилище 2002-12-27 Основен фонд - ползва се само за читалня 25.00 120000674141 Цб II 11199 120000674141 2 12.78 Дост: Pk Вид: Ф N: 8603 Дата: 19.12.2002 Книги
  Не е изгубен Universal Decimal Classification Не е повреден без рестрикции заемане за дома 52911 Регионална библиотека "Любен Каравелов" Русе Регионална библиотека "Любен Каравелов" Русе Детски отдел 2008-07-22 Детски отдел 25.00 120000727733 ДН 821.163.2(092)/И 29 120000727733 3 12.78 Дост: Pk Вид: Ф N: 6001 Дата: 17.07.2008 Дата инв: 24.08.2015 Бележки инв: Д2015 Книги
  Не е изгубен Universal Decimal Classification Не е повреден без рестрикции заемане за дома 52912 Регионална библиотека "Любен Каравелов" Русе Регионална библиотека "Любен Каравелов" Русе Детски отдел 2008-09-29 Детски отдел 25.00 120000729811 ДН 821.163.2(092)/И 29 120000729811 4 12.78 Дост: Pk Вид: Ф N: 8936 Дата: 24.09.2008 Дата инв: 24.08.2015 Бележки инв: Д2015 Книги
  Не е изгубен Universal Decimal Classification Не е повреден без рестрикции заемане за дома 52913 Регионална библиотека "Любен Каравелов" Русе Регионална библиотека "Любен Каравелов" Русе Детски отдел 2008-09-29 Детски отдел 25.00 120000729812 ДН 821.163.2(092)/И 29 120000729812 5 12.78 Дост: Pk Вид: Ф N: 8936 Дата: 24.09.2008 Дата инв: 24.08.2015 Бележки инв: Д2015 Книги
Vip Innovations Ltd, Rousse, Bulgaria 2025